000 00225nam a22000857a 4500
008 160624b xxu||||| |||| 00| 0 eng d
100 _91078
_aThe Disguise of Love
245 _aThe Disguise of Love
260 _aMichigsn
_bZonderan
_c1985
999 _c864
_d864